Statistiche per Parole che iniziano con la "Z"

Clicka qui per fare il quiz!

Statistiche generali

  • Questo quiz è stato fatto 117 volte
    (110 dall'ultimo reset)
  • Il punteggio medio è 10 su 15

Statistiche sulle risposte

INDIZIORISPOSTA% Corretto
Tipo di imbarcazione con cui i naufraghi scappano dalle isole deserteZattera
99%
solitamente Pietra blu regalata ai 50 anni della propria amataZaffiro
95%
Ingrediente usato nel risotto alla milaneseZafferano
94%
Insetto che porta malattie e si nutre di sangueZecca/Zanzara
90%
Studioso degli animaliZoologo
88%
Capitale della CroaziaZagabria
83%
Casa editrice italiana che pubblica principalmente libri per la scuolaZanichelli
79%
Non mortiZombie
73%
Seminare ________, portare discordiaZizzania
68%
Un breve combattimento, ma molto intensoZuffa
59%
Mark __________, creatore di FacebookZuckenberg
56%
Tipo di cornamusa diffuso nell'Italia centrale e meridionaleZampogna
49%
L'opposto del NadirZenit
39%
In questo film Ben Stiller e Owen Wilson sono due modelliZoolander
38%
Band che ha fatto la canzone "La Grange"ZZ Top
17%

Distribuzione punteggi

Percentile per numero di risposta

Percentuale di utenti per punteggio

I tuoi punteggi nel tempo

Non hai fatto questo quiz dall'ultimo reset